00321 a2200121 4500020001800000040001400018082001600032100001300048245007600061260004000137300000900177650001300186 a2-87027-657-5 aULA-LD-MS a9(1)b323.1 aSUY,Eric aConflits en Afrique (Analyse des crises et pistes pour une Prevention ) aBelgica bEditions Complexe c1997. a293p aPolitica